<?xml version="1.0" encoding="UTF-8"?><?xml-stylesheet type="text/xsl" href="static/style.xsl"?><OAI-PMH xmlns="http://www.openarchives.org/OAI/2.0/" xmlns:xsi="http://www.w3.org/2001/XMLSchema-instance" xsi:schemaLocation="http://www.openarchives.org/OAI/2.0/ http://www.openarchives.org/OAI/2.0/OAI-PMH.xsd"><responseDate>2026-06-01T04:21:39Z</responseDate><request verb="GetRecord" identifier="oai:riuma.uma.es:10630/5372" metadataPrefix="marc">https://riuma.uma.es/rest/oai/request</request><GetRecord><record><header><identifier>oai:riuma.uma.es:10630/5372</identifier><datestamp>2026-02-03T12:55:19Z</datestamp><setSpec>com_10630_5368</setSpec><setSpec>com_10630_3139</setSpec><setSpec>com_10630_10</setSpec><setSpec>col_10630_5370</setSpec></header><metadata><record xmlns="http://www.loc.gov/MARC21/slim" xmlns:dcterms="http://purl.org/dc/terms/" xmlns:doc="http://www.lyncode.com/xoai" xmlns:xsi="http://www.w3.org/2001/XMLSchema-instance" xsi:schemaLocation="http://www.loc.gov/MARC21/slim http://www.loc.gov/standards/marcxml/schema/MARC21slim.xsd">
   <leader>00925njm 22002777a 4500</leader>
   <datafield ind2=" " ind1=" " tag="042">
      <subfield code="a">dc</subfield>
   </datafield>
   <datafield ind2=" " ind1=" " tag="720">
      <subfield code="a">Ferrando Fenoll, J.</subfield>
      <subfield code="e">author</subfield>
   </datafield>
   <datafield ind2=" " ind1=" " tag="720">
      <subfield code="a">Schneider Tirado, JL.</subfield>
      <subfield code="e">author</subfield>
   </datafield>
   <datafield ind2=" " ind1=" " tag="260">
      <subfield code="c">2013</subfield>
   </datafield>
   <datafield ind2=" " ind1=" " tag="520">
      <subfield code="a">En la ejecución de una carrera a máxima velocidad con cambio de dirección observamos una alta participación de componentes de fuerza. Dichos componentes vienen siendo entrenados de forma específica, como  por ejemplo a través de la pliometría.  Pocos  estudios valoran la fuerza explosiva y reactiva de forma unilateral y su correlación con las carreras cortas de aceleración con cambios de dirección. Según los resultados de los trabajos revisados, nuestro propósito es conocer la relación entre medidas de fuerza-explosiva y fuerza reactiva, con carreras cortas de aceleración con cambios de dirección, para determinar si la manifestación de fuerza con un salto con contramovimiento (CMJ) predice el rendimiento en carreras cortas de aceleración con cambios de dirección de 90º.</subfield>
   </datafield>
   <datafield ind1="8" ind2=" " tag="024">
      <subfield code="a">2255-0461</subfield>
   </datafield>
   <datafield ind1="8" ind2=" " tag="024">
      <subfield code="a">http://hdl.handle.net/10630/5372</subfield>
   </datafield>
   <datafield tag="653" ind2=" " ind1=" ">
      <subfield code="a">Condición física</subfield>
   </datafield>
   <datafield tag="653" ind2=" " ind1=" ">
      <subfield code="a">Carreras (Atletismo)</subfield>
   </datafield>
   <datafield ind2="0" ind1="0" tag="245">
      <subfield code="a">Relación entre el CMJ y cambios de dirección en deportes colectivos</subfield>
   </datafield>
</record>
</metadata></record></GetRecord></OAI-PMH>